| 000 | 00826nac a22002657a 4500 | ||
|---|---|---|---|
| 001 | BR6300174 | ||
| 003 | BR-BrBNA | ||
| 005 | 20240105113251.0 | ||
| 008 | 230509b bl.|||m| |||| 00| 0 por d | ||
| 040 |
_aBR-BrBNA _bpor _cBiblioteca Nacional de Agricultura |
||
| 072 | _aF00 | ||
| 090 | _a1630 BR6300174 | ||
| 100 | 1 | _aCampos, H.R. de | |
| 100 | 1 | _aCamargo, L. de S. | |
| 110 | 1 | _aInstituto Agronomico, Campinas, SP (Brasil) | |
| 245 | 1 | _aInstrucoes para a cultura do aipo [Apium graveolens; Pratica cultural; Brasil] | |
| 260 | 3 |
_aCampinas, SP (Brasil): _c1963. |
|
| 300 | _a9 p. | ||
| 490 |
_aBoletim - Instituto Agronomico (Brazil) _vno. 131 _xISSN 0375-1538 |
||
| 500 | _a6 ref. | ||
| 650 | _aAIPO | ||
| 650 | _aPRATICA CULTURAL | ||
| 909 |
_a202312 _bLúcia Elande _c55 _dLúcia Elande |
||
| 942 |
_2AGRIS _n0 _cMS |
||
| 999 |
_c262787 _d262787 |
||